20 Films avec Bruce Willis (Mort subite) - Statistiques

Statistiques générales
  • Ce quiz a été pris 497 fois
  • Le résultat moyen est 10 sur 20
Answers on the Grid
Answers color-coded by a green-red scale on the quiz's grid according to % correct below.
58 Minutes pour vivre
Hudson Hawk, Gentleman et Cambrioleur
Le Bûcher des Vanités
Le Dernier Samaritain
Piège en Eaux Troubles
Haute Sécurité
Titanic
L'Armée des douze Singes
Une Journée en Enfer
Le Cinquième Elément
Le Chacal
Code Mercury
Armageddon
Flight
Shining
Sixième Sens
Mon Voisin le Tueur
Incassable
Piège de Cristal
Tango et Cash
Les évadés
La Ligne Verte
Forrest Gump
Pulp Fiction
Planète Terreur
American History X
Once upon a time in Hollywood
Expendables : Unité Spéciale
Les Ailes de l'Enfer
Sin City
Terminator
Le Silence des Agneaux
Demolition Man
Rock
Une Nuit en Enfer
Color of Night
Zodiac
Apocalypse Now
Alien
Speed
 
Statistiques - réponses
Réponse % Correct
Piège de Cristal
72%
Sixième Sens
71%
Armageddon
67%
Le Cinquième Elément
67%
58 Minutes pour vivre
56%
L'Armée des douze Singes
56%
Pulp Fiction
56%
Une Journée en Enfer
56%
Incassable
54%
Expendables : Unité Spéciale
51%
Le Dernier Samaritain
45%
Mon Voisin le Tueur
45%
Sin City
45%
Code Mercury
40%
Piège en Eaux Troubles
38%
Le Chacal
37%
Hudson Hawk, Gentleman et Cambrioleur
36%
Color of Night
25%
Le Bûcher des Vanités
21%
Planète Terreur
16%
Aucun quiz correspondant
Distribution des résultats
% des personnes avec chaque résultat
Percentile par nombre de réponses
Votre historique - résultats
Vous n’avez pas pris ce quiz